| 000 | 00693nam a2200205 a 4500 | ||
|---|---|---|---|
| 001 | 000027819 | ||
| 005 | 20200930031124.0 | ||
| 008 | 110405s1994 dr 000 0 spa d | ||
| 040 |
_aDO-SdBNP _bspa _cBNPHU |
||
| 100 | 1 |
_aPeña, García de _954888 |
|
| 245 | 1 | 3 |
_aEl contrato de matrimonio y los regímenes matrimoniales / _cGarcía de Peña. |
| 260 |
_aSanto Domingo : _bUNIBE, _c1994. |
||
| 300 |
_a114 p. ; _c27 cm. |
||
| 490 | 1 |
_aTextos universitarios _v7 |
|
| 500 | _aIncluye referencias bibliográficas y notas al pie de las páginas | ||
| 504 | _aBibliografía : p. 114 | ||
| 710 | 2 |
_aUniversidad Iberoamericana _936529 |
|
| 830 | 0 |
_aTextos universitarios _n7 _954889 |
|
| 049 | _aBNPD | ||
| 999 |
_c27311 _d27311 |
||